| 000 | 00992nmc a2200337 a 4500 | ||
|---|---|---|---|
| 003 | AR-BaBNM | ||
| 005 | 20251128203532.0 | ||
| 008 | 056019s1978 ||||||||||||||000 | spa|| | ||
| 020 | _a84-03-27058-5 | ||
| 040 | _cAR-BaBNM | ||
| 100 | 1 | _aAlonso, Martín | |
| 245 | 1 | 0 |
_aCiencia del lenguaje y arte del estilo _n1 |
| 260 |
_aMadrid _bAguilar _c1978 |
||
| 300 | 1 | _axxviii, 889 p. | |
| 490 | 0 | _aObras de consulta | |
| 500 | 0 | _aContiene glosario en p. 765 | |
| 500 | 0 | _aLos índices de materias y de autores se encuentran al final del tomo II de esta obra | |
| 650 | 4 | _aCOMPOSICION LITERARIA | |
| 650 | 4 | _aANALISIS LITERARIO | |
| 650 | 4 | _aRECURSOS ESTILISTICOS | |
| 650 | 4 | _aESTILO LITERARIO | |
| 650 | 4 | _aEJERCICIOS DE REDACCION | |
| 650 | 4 | _aRETORICA | |
| 650 | 4 | _aCORRESPONDENCIA | |
| 650 | 4 | _aCRITICA LITERARIA | |
| 653 | 0 | _aENSENANZA DE LA LITERATURA | |
| 653 | 0 | _aFILOSOFIA DEL LENGUAJE | |
| 800 | 1 |
_aDel Hoyo, Arturo _edirector |
|
| 942 | _cBK | ||
| 998 | _cMARTIN | ||
| 999 |
_c3836 _d3836 |
||